Statistics for Freely associated countries

Click here to take the quiz!

General Stats

  • This quiz has been taken 9 times
  • The average score is 4 of 5

Answer Stats

Freely Associated with...Answer% Correct
United StatesFederal States of Micronesia
100%
New ZealandNiue
83%
United StatesPalau
83%
New ZealandCook Islands
67%
United StatesMarshall Islands
50%

Score Distribution

Percentile by Number Answered

Percent of People with Each Score

Your Score History

You have not taken this quiz